[Event "Chess Olympiad 2012"]
[Site "?"]
[Date "????.??.??"]
[Round "1"]
[White "Ponomariov, Ruslan"]
[Black "Abdul, Ahmed Abdulsattar"]
[Result "1-0"]
[WhiteElo "2734"]
[BlackElo "2314"]
[PlyCount "79"]

1. e4 c5 2. Nf3 e6 3. g3 Nc6 4. Bg2 Nf6 5. Qe2 d6 6. O-O Be7 7. c3 O-O 8. d4 d5
9. e5 Ne4 10. Rd1 b6 11. Be3 a5 12. Ne1 cxd4 13. cxd4 f5 14. exf6 Nxf6 15. Nc3
Ba6 16. Qd2 Rc8 17. Nd3 Qd6 18. Rac1 Rce8 19. b3 Kh8 20. h3 Bd8 21. Bf4 Qd7 22.
Ne5 Nxe5 23. Bxe5 Ng8 24. Ne2 Ne7 25. Nf4 Rf7 26. Qc3 Nf5 27. Qc6 Bb7 28. Qxd7
Rxd7 29. Bf1 Nd6 30. h4 Kg8 31. Bd3 Ree7 32. Nh5 Rf7 33. Rc2 Bf6 34. Nf4 Rfe7
35. Re1 Ne4 36. Bxf6 gxf6 37. f3 Nxg3 38. Rg2 Rg7 39. Nxe6 Rde7 40. Kh2 1-0

[Event "Chess Olympiad 2012"]
[Site "?"]
[Date "????.??.??"]
[Round "1"]
[White "Puntier, William"]
[Black "Tomashevsky, Evgeny"]
[Result "1/2-1/2"]
[WhiteElo "2312"]
[BlackElo "2730"]
[PlyCount "125"]

1. e4 e5 2. Nf3 Nc6 3. d4 exd4 4. Nxd4 Nf6 5. Nxc6 bxc6 6. Bd3 d5 7. exd5 cxd5
8. O-O Be7 9. c4 O-O 10. Nc3 d4 11. Ne4 Ng4 12. Bf4 f5 13. Ng3 g6 14. h3 Nf6
15. Re1 Bd6 16. Bh6 c5 17. Bxf8 Kxf8 18. Qd2 a5 19. Qg5 Kf7 20. Re2 Qf8 21.
Rae1 h6 22. Qc1 Bd7 23. Qc2 Kg7 24. Bxf5 gxf5 25. Nxf5+ Bxf5 26. Qxf5 Rd8 27.
Re6 Qf7 28. f4 a4 29. g3 Bf8 30. Qd3 Bd6 31. Qf5 Bf8 32. Qd3 Rd7 33. Kf2 Rb7
34. b3 axb3 35. axb3 Ra7 36. R1e2 Rb7 37. Qf3 Rb8 38. Qd3 Rd8 39. Re1 Ng8 40.
Kg2 Kh8 41. Kh2 Ne7 42. R1e5 Ng8 43. Ra6 Qb7 44. Ree6 Bg7 45. Reb6 Qe7 46. Re6
Qb7 47. Reb6 Qe7 48. Re6 Qf7 49. Rad6 Rb8 50. Rb6 Rf8 51. Qe4 Rd8 52. Rb7 Qf8
53. Qd3 Rb8 54. Reb6 Rxb7 55. Rxb7 Qa8 56. Rc7 Qa2+ 57. Kg1 Qb2 58. Kf1 Qh2 59.
Qg6 Qh1+ 60. Kf2 Qh2+ 61. Kf3 Qh1+ 62. Kf2 Qh2+ 63. Kf3 1/2-1/2

[Event "Chess Olympiad 2012"]
[Site "?"]
[Date "????.??.??"]
[Round "1"]
[White "Salih, Akar Ali"]
[Black "Moiseenko, Aleksandr"]
[Result "0-1"]
[WhiteElo "2282"]
[BlackElo "2706"]
[PlyCount "68"]

1. e4 c5 2. Nf3 Nc6 3. d4 cxd4 4. Nxd4 Nf6 5. Nc3 e5 6. Ndb5 d6 7. Bg5 a6 8.
Na3 b5 9. Nd5 Be7 10. Bxf6 Bxf6 11. c3 Bg5 12. Nc2 O-O 13. a4 bxa4 14. Rxa4 a5
15. Bc4 Rb8 16. Ra2 Kh8 17. Nce3 g6 18. h4 Bxh4 19. g3 Bg5 20. f4 exf4 21. gxf4
Bh4+ 22. Kf1 f5 23. b3 fxe4 24. Rah2 g5 25. Ke2 Rb7 26. Bb5 Rxb5 27. c4 Rb7 28.
Qa1+ Rg7 29. fxg5 Qxg5 30. Rxh4 Ne5 31. Nc3 Bg4+ 32. Nxg4 Nxg4 33. Nxe4 Qe3+
34. Kd1 Qxb3+ 0-1

[Event "Chess Olympiad 2012"]
[Site "?"]
[Date "????.??.??"]
[Round "1"]
[White "Wagener, Claude"]
[Black "Mamedyarov, Shakhriyar"]
[Result "0-1"]
[WhiteElo "2261"]
[BlackElo "2729"]
[PlyCount "78"]

1. e4 c5 2. Nf3 e6 3. Nc3 a6 4. d4 cxd4 5. Nxd4 Nc6 6. Be3 Nf6 7. Bd3 Qc7 8.
O-O Nxd4 9. Bxd4 Bc5 10. Bxc5 Qxc5 11. Na4 Qc7 12. c4 d6 13. Qe2 O-O 14. Rac1
Bd7 15. Nc3 Rfd8 16. b3 Rac8 17. Rc2 Qa5 18. Rb1 Qe5 19. Rbc1 h6 20. Qe3 Bc6
21. b4 Ng4 22. Qg3 Qxg3 23. hxg3 Ne5 24. Bf1 Bd7 25. Ne2 Nd3 26. Rb1 b5 27. Nf4
Nxf4 28. gxf4 d5 29. c5 dxe4 30. Rd2 Bc6 31. Rbd1 Rd5 32. a4 Ra8 33. a5 g5 34.
f5 Rad8 35. Rxd5 Rxd5 36. Rxd5 exd5 37. Be2 Kg7 38. f3 Kf6 39. g4 Ke5 0-1

[Event "Chess Olympiad 2012"]
[Site "?"]
[Date "????.??.??"]
[Round "1"]
[White "Wiedenkeller, Michael"]
[Black "Radjabov, Teimour"]
[Result "0-1"]
[WhiteElo "2475"]
[BlackElo "2788"]
[PlyCount "74"]

1. d4 Nf6 2. c4 g6 3. Nc3 Bg7 4. e4 d6 5. Bd3 O-O 6. Nge2 Nc6 7. O-O e5 8. d5
Nd4 9. Rb1 c5 10. dxc6 bxc6 11. b4 Nd7 12. Be3 Nb6 13. c5 dxc5 14. bxc5 Nd7 15.
Na4 Qc7 16. Bc4 Nf6 17. f3 Nh5 18. Nb2 Qa5 19. Nd3 Be6 20. Bxe6 Nxe6 21. Qc2
Rab8 22. g4 Nhf4 23. Nexf4 exf4 24. Nxf4 Bh6 25. Ng2 Bxe3+ 26. Nxe3 Nd4 27. Qf2
Rxb1 28. Rxb1 Qxc5 29. Kh1 Qc3 30. Kg2 Ne6 31. Qe1 Qa3 32. Qf2 Qc3 33. Rb3 Qf6
34. Qb2 Qf4 35. Nc4 Rd8 36. Qe2 Qc1 37. Qb2 Qxc4 0-1

[Event "Chess Olympiad 2012"]
[Site "?"]
[Date "????.??.??"]
[Round "1"]
[White "Wojtaszek, Radoslaw"]
[Black "Efimov, Igor"]
[Result "1-0"]
[WhiteElo "2717"]
[BlackElo "2416"]
[PlyCount "71"]

1. d4 Nf6 2. c4 d6 3. Nf3 Nbd7 4. Nc3 e5 5. e4 Be7 6. Be2 O-O 7. O-O c6 8. Be3
a6 9. d5 c5 10. Rb1 g6 11. Bh6 Re8 12. Ne1 Kh8 13. Qd2 Rb8 14. Nd3 b5 15. cxb5
axb5 16. b4 c4 17. Nb2 Nb6 18. Be3 Bd7 19. f4 Bf8 20. fxe5 Rxe5 21. Bd4 Qe7 22.
Qe3 Bg7 23. Bxb6 Nxe4 24. Bd4 Nxc3 25. Qxc3 Ra8 26. a4 Kg8 27. Bf3 Bf5 28. Rbc1
Qh4 29. axb5 Re3 30. Bxe3 Bxc3 31. Rxc3 Qf6 32. Rfc1 Ra2 33. Nxc4 g5 34. Nd2 g4
35. Be2 Qe5 36. b6 1-0

[Event "Chess Olympiad 2012"]
[Site "?"]
[Date "????.??.??"]
[Round "1"]
[White "Zambrana, Osvaldo R"]
[Black "Movsesian, Sergei"]
[Result "1-0"]
[WhiteElo "2471"]
[BlackElo "2698"]
[PlyCount "101"]

1. e4 c5 2. Nf3 e6 3. d4 cxd4 4. Nxd4 Nc6 5. Nc3 a6 6. Be3 Nf6 7. f4 Bb4 8. Bd3
e5 9. Nxc6 dxc6 10. f5 h5 11. Qf3 Ng4 12. Bd2 Bc5 13. h3 Nf2 14. Rf1 Nxd3+ 15.
cxd3 Qh4+ 16. g3 Qe7 17. O-O-O b5 18. Kb1 f6 19. Rc1 Bb7 20. Be3 Bd6 21. g4
hxg4 22. Qxg4 O-O-O 23. Nd5 Qf7 24. Bb6 Rd7 25. Qg1 Rxh3 26. Rxc6+ Bxc6 27. Rc1
Qh5 28. Rxc6+ Rc7 29. Qc1 Rh1 30. Bg1 Rxg1 31. Rxc7+ Bxc7 32. Qxg1 Qe2 33. Qc1
Qxd3+ 34. Ka1 Qc4 35. Qxc4 bxc4 36. Kb1 Kd7 37. Kc2 Ba5 38. Ne3 Ke7 39. Nxc4
Bc7 40. b4 Kf7 41. Kd3 g6 42. fxg6+ Kxg6 43. Ne3 Bb6 44. Nf5 Kg5 45. a4 Kf4 46.
Ne7 Bd8 47. Nd5+ Kg5 48. a5 f5 49. b5 fxe4+ 50. Kxe4 axb5 51. a6 1-0

[Event "Chess Olympiad 2012"]
[Site "?"]
[Date "????.??.??"]
[Round "1"]
[White "Mandiza"]
[Black "Fressinet"]
[Result "0-1"]
[WhiteElo "2390"]
[BlackElo "2714"]
[PlyCount "112"]
[EventDate "2012.??.??"]

1. Nf3 g6 2. e4 d6 3. Bc4 Bg7 4. O-O Nf6 5. Qe2 c5 6. e5 dxe5 7. Nxe5 O-O 8.
Re1 e6 9. Nc3 Bd7 10. d3 Nc6 11. Bg5 Qc7 12. f4 Nd4 13. Qf2 b5 14. Bb3 Bc6 15.
Ne2 Nxb3 16. axb3 Bb7 17. Bxf6 Bxf6 18. Nc3 a6 19. Ne4 Bxe4 20. Rxe4 Rfd8 21.
Rae1 Rd5 22. Qd2 Rad8 23. Qc1 Qb6 24. Kh1 Qb7 25. Nf3 Rc8 26. Nd2 Rd4 27. Rxd4
cxd4 28. Re2 Qd5 29. Ne4 Be7 30. Qa1 f5 31. Nf2 Bd6 32. Nh3 h6 33. Qe1 Kg7 34.
Qh4 a5 35. Qe1 a4 36. bxa4 bxa4 37. Qa1 Ra8 38. Qe1 Rb8 39. Qa1 Kf6 40. Re1 g5
41. Qxa4 g4 42. Ng1 Ra8 43. Qd7 Bxf4 44. Qh7 Qa5 45. Rf1 Be3 46. Qb7 Qa6 47.
Qb4 Qc6 48. c4 h5 49. Qe1 Qb7 50. Qh4+ Kg6 51. Rb1 e5 52. Ne2 Bg5 53. Qg3 f4
54. Qf2 h4 55. Re1 h3 56. Nxd4 Qxg2+ 0-1

[Event "Chess Olympiad 2012"]
[Site "Istanbul TUR"]
[Date "2012.08.29"]
[Round "2"]
[White "Moiseenko, Alexander"]
[Black "Al-Sulaiti, Ghanem"]
[Result "1-0"]
[WhiteElo "2706"]
[BlackElo "2178"]
[PlyCount "39"]
[EventDate "2012.08.28"]
[WhiteTeam "Ukraine"]
[BlackTeam "Qatar"]

1. d4 d5 2. c4 e6 3. Nc3 Be7 4. Bf4 Nf6 5. e3 O-O 6. Qc2 c5 7. dxc5 Bxc5 8. Rd1
Nbd7 9. cxd5 exd5 10. a3 Re8 11. Nf3 b6 12. Bb5 Bb7 13. O-O a6 14. Ba4 b5 15.
Bb3 Nb6 16. Nxb5 Bxe3 17. fxe3 axb5 18. Bc7 Rc8 19. Bxd8 Rxc2 20. Bxf6 1-0

[Event "Chess Olympiad 2012"]
[Site "Istanbul TUR"]
[Date "2012.08.29"]
[Round "2"]
[White "Beinoras, Mindaugas"]
[Black "Kamsky, Gata"]
[Result "0-1"]
[WhiteElo "2346"]
[BlackElo "2746"]
[PlyCount "116"]
[EventDate "2012.08.28"]
[WhiteTeam "Lithuania"]
[BlackTeam "United States Of America"]

1. d4 d5 2. c4 c6 3. Nf3 Nf6 4. Nc3 a6 5. e3 g6 6. Bd3 Bg7 7. O-O O-O 8. Qb3 e6
9. Bd2 Nbd7 10. Rfd1 Rb8 11. Qc2 b5 12. b3 Bb7 13. e4 b4 14. e5 bxc3 15. exf6
Bxf6 16. Bf4 dxc4 17. Be4 cxb3 18. Qxb3 c5 19. Bxb7 c4 20. Qxc3 Rxb7 21. Qxc4
Qa8 22. Rac1 Nb6 23. Qe2 Nd5 24. Be5 Be7 25. Qd2 Rc8 26. Rxc8+ Qxc8 27. Rc1 Qd7
28. h4 f6 29. Bg3 Ba3 30. Rc2 Kg7 31. Qa5 Be7 32. Kh2 Rb6 33. Qe1 Qb7 34. Qe2
Bb4 35. Qc4 Qd7 36. Ng1 h6 37. Ne2 g5 38. Qd3 Qe8 39. Qe4 Qg6 40. f3 gxh4 41.
Qxg6+ Kxg6 42. Bxh4 Ne3 43. Rc1 Bd6+ 44. Kh3 Rb2 45. Rc6 Bb8 46. Rxe6 Rxe2 47.
Rxf6+ Kg7 48. Rb6 Bc7 49. Rb7 Nd5 50. Bd8 Rc2 51. g3 Kg6 52. Bxc7 Rxc7 53. Rb8
Rc2 54. Rg8+ Kf7 55. Rh8 Kg7 56. Rd8 Nf6 57. g4 Rxa2 58. f4 Ra3+ 0-1

[Event "Chess Olympiad 2012"]
[Site "Istanbul TUR"]
[Date "2012.08.29"]
[Round "2"]
[White "Astaneh Lopez, Alex"]
[Black "Mamedyarov, Shakhriyar"]
[Result "0-1"]
[WhiteElo "2398"]
[BlackElo "2729"]
[PlyCount "80"]
[EventDate "2012.08.28"]
[WhiteTeam "Ireland"]
[BlackTeam "Azerbaijan"]

1. e4 e5 2. Nf3 Nc6 3. Bb5 a6 4. Ba4 Nf6 5. O-O Be7 6. Re1 b5 7. Bb3 d6 8. c3
O-O 9. h3 Nb8 10. d4 Nbd7 11. a4 Bb7 12. Nbd2 Rb8 13. axb5 axb5 14. d5 c6 15.
dxc6 Bxc6 16. Bc2 Qc7 17. Nf1 b4 18. Ng3 Nc5 19. Nd2 d5 20. exd5 Nxd5 21. Nf5
Bf6 22. Qg4 g6 23. Qg3 Kh8 24. Ne3 Nf4 25. Ng4 Bg7 26. Nf3 Nh5 27. Qh2 Bxf3 28.
gxf3 Rfe8 29. cxb4 Rxb4 30. Ra3 f5 31. Rc3 Qe7 32. Ne3 Rbb8 33. Rc4 Ne6 34. Bd2
Qb7 35. Rb4 Qd7 36. Rxb8 Rxb8 37. Bc3 Ng5 38. Bd1 Nf4 39. Kh1 Nd3 40. Rg1 Nxh3
0-1

[Event "Chess Olympiad 2012"]
[Site "Istanbul TUR"]
[Date "2012.08.29"]
[Round "2"]
[White "Cori, Jorge"]
[Black "Vachier-Lagrave, Maxime"]
[Result "0-1"]
[WhiteElo "2487"]
[BlackElo "2686"]
[PlyCount "76"]
[EventDate "2012.08.28"]
[WhiteTeam "Peru"]
[BlackTeam "France"]

1. d4 Nf6 2. Nf3 g6 3. c4 Bg7 4. g3 d5 5. cxd5 Nxd5 6. Bg2 Nb6 7. Nc3 Nc6 8. e3
O-O 9. O-O Re8 10. Re1 a5 11. Qe2 Be6 12. Nd2 Nb4 13. Rd1 c6 14. a3 N4d5 15.
Nde4 Nxc3 16. bxc3 Bb3 17. Re1 e5 18. Nc5 Bc4 19. Qd1 Nd7 20. Nxd7 Qxd7 21. Rb1
a4 22. Bf1 Ba2 23. Ra1 Bb3 24. Qd2 c5 25. Bb2 Rad8 26. Qd3 Re7 27. Rac1 h5 28.
h4 Kh7 29. Bg2 Rde8 30. Qb1 exd4 31. cxd4 cxd4 32. exd4 Bxd4 33. Bxd4 Qxd4 34.
Bxb7 Re2 35. Rxe2 Rxe2 36. Rf1 Bc4 37. Qb4 Rb2 38. Qe7 Bxf1 0-1

[Event "Chess Olympiad 2012"]
[Site "Istanbul TUR"]
[Date "2012.08.29"]
[Round "2"]
[White "Fressinet, Laurent"]
[Black "Vera Siguenas, Deivy"]
[Result "1-0"]
[WhiteElo "2714"]
[BlackElo "2359"]
[PlyCount "95"]
[EventDate "2012.08.28"]
[WhiteTeam "France"]
[BlackTeam "Peru"]

1. Nf3 Nf6 2. c4 g6 3. g3 Bg7 4. Bg2 O-O 5. d4 d6 6. O-O Nc6 7. Nc3 a6 8. Bf4
Bg4 9. Rc1 Nd7 10. Be3 e5 11. dxe5 Bxf3 12. exf3 Ncxe5 13. Qe2 Re8 14. Rfd1 Qc8
15. Nd5 Nc6 16. Qd2 Nf6 17. b4 Ne5 18. Bd4 Nxd5 19. cxd5 b5 20. Qc3 Bh6 21. f4
Nc4 22. Re1 Qf5 23. h4 Bf8 24. a4 Nb6 25. Qc6 Rxe1+ 26. Rxe1 Qd7 27. Bxb6 Qxc6
28. dxc6 cxb6 29. axb5 d5 30. Bxd5 axb5 31. Rc1 Rc8 32. Ra1 Bd6 33. Ra7 Bc7 34.
Bf3 Kf8 35. Bg4 f5 36. Be2 Ke7 37. Bxb5 Kd6 38. Ra2 Rd8 39. Re2 h6 40. Kg2 Bb8
41. Kf3 Bc7 42. Re1 Bb8 43. Re5 h5 44. Re3 Bc7 45. Ba4 Bb8 46. Ke2 Bc7 47. Kd2
Kd5 48. Kc3 1-0

[Event "Chess Olympiad 2012"]
[Site "Istanbul TUR"]
[Date "2012.08.29"]
[Round "2"]
[White "Sasikiran, Krishnan"]
[Black "Firat, Burak"]
[Result "1-0"]
[WhiteElo "2707"]
[BlackElo "2423"]
[PlyCount "93"]
[EventDate "2012.08.28"]
[WhiteTeam "India"]
[BlackTeam "Turkey 2016"]

1. d4 Nf6 2. c4 g6 3. g3 Bg7 4. Bg2 d5 5. cxd5 Nxd5 6. Nf3 Nb6 7. Nc3 Nc6 8. e3
O-O 9. O-O Re8 10. a3 e5 11. d5 Ne7 12. e4 Bg4 13. h3 Bxf3 14. Qxf3 c6 15. Rd1
cxd5 16. exd5 Nf5 17. d6 Rb8 18. Nb5 Re6 19. g4 Nh4 20. Qb3 Nxg2 21. Kxg2 a6
22. Nc3 Rxd6 23. Be3 Rd4 24. Rac1 Nd7 25. Bxd4 exd4 26. Ne2 Nf8 27. Nf4 Qf6 28.
Nd3 Ne6 29. Qd5 Qh4 30. Rc2 Bh6 31. Re2 Qe7 32. Rde1 Rd8 33. Rxe6 fxe6 34. Rxe6
Rxd5 35. Rxe7 b5 36. Re6 a5 37. Rb6 Bf8 38. Rb8 Kf7 39. Rb7+ Kg8 40. Kf3 b4 41.
a4 Rd8 42. Ra7 Rc8 43. Rxa5 b3 44. Rb5 Rc4 45. a5 Ra4 46. Ke4 Bd6 47. Nc1 1-0

[Event "Chess Olympiad 2012"]
[Site "Istanbul TUR"]
[Date "2012.08.29"]
[Round "2"]
[White "Dominguez Perez, Leinier"]
[Black "Gruenfeld, Yehuda"]
[Result "1-0"]
[WhiteElo "2725"]
[BlackElo "2434"]
[PlyCount "91"]
[EventDate "2012.08.28"]
[WhiteTeam "Cuba"]
[BlackTeam "ICSC"]

1. e4 c5 2. Nf3 d6 3. d4 cxd4 4. Nxd4 Nf6 5. Nc3 a6 6. Be3 Ng4 7. Bc1 Nf6 8. f3
e5 9. Nb3 Be6 10. Be3 Be7 11. Qd2 Nbd7 12. g4 O-O 13. O-O-O b5 14. Rg1 Nb6 15.
Na5 Qc7 16. g5 Nfd7 17. Kb1 Rac8 18. h4 Nc5 19. Nd5 Nxd5 20. exd5 Bd7 21. h5
Bd8 22. Nc6 Bxc6 23. dxc6 Qxc6 24. Bh3 Rc7 25. Qxd6 Qxd6 26. Rxd6 Be7 27. Rd5
e4 28. f4 Rd8 29. Rxd8+ Bxd8 30. Rd1 Be7 31. f5 f6 32. g6 Rd7 33. Rxd7 Nxd7 34.
Bg2 Bc5 35. Bf4 e3 36. Bd5+ Kh8 37. Kc1 Ne5 38. Kd1 Ng4 39. Ke2 Nh6 40. Be6 Ng4
41. c3 a5 42. a3 b4 43. cxb4 axb4 44. a4 Bd4 45. b3 Bb6 46. Bd5 1-0

[Event "Chess Olympiad 2012"]
[Site "Istanbul TUR"]
[Date "2012.08.29"]
[Round "2"]
[White "Orsag, Milan1"]
[Black "Bruzon Batista, Lazaro"]
[Result "0-1"]
[WhiteElo "2405"]
[BlackElo "2711"]
[PlyCount "66"]
[EventDate "2012.08.28"]
[WhiteTeam "ICSC"]
[BlackTeam "Cuba"]

1. d4 Nf6 2. c4 g6 3. Nc3 Bg7 4. e4 d6 5. f4 O-O 6. Nf3 Na6 7. Bd3 e5 8. fxe5
dxe5 9. d5 Qd6 10. O-O c6 11. Kh1 Bd7 12. a3 cxd5 13. cxd5 Nc5 14. Bc2 a5 15.
a4 Ng4 16. Qe2 f5 17. Bd2 Rae8 18. Rad1 b6 19. Bc1 fxe4 20. Ng5 e3 21. Bxe3 e4
22. g3 Rxf1+ 23. Rxf1 Bxc3 24. bxc3 Nxe3 25. Qxe3 Qxd5 26. Rd1 Qf5 27. Bb1 h6
28. Ba2+ Kg7 29. Qd4+ Qe5 30. Nf7 Qxd4 31. cxd4 Nd3 32. Rb1 e3 33. Nd6 Re7 0-1

[Event "Chess Olympiad 2012"]
[Site "Istanbul TUR"]
[Date "2012.08.29"]
[Round "2"]
[White "Papaioannou, Ioannis"]
[Black "Kramnik, Vladimir"]
[Result "1/2-1/2"]
[WhiteElo "2606"]
[BlackElo "2797"]
[PlyCount "59"]
[EventDate "2012.08.28"]
[WhiteTeam "Greece"]
[BlackTeam "Russia"]

1. d4 Nf6 2. c4 e6 3. g3 c5 4. Nf3 cxd4 5. Nxd4 Qc7 6. Nc3 a6 7. Bg2 Qxc4 8.
Be3 Qc7 9. Rc1 Nc6 10. O-O Be7 11. Na4 O-O 12. Nb6 Rb8 13. Qa4 Re8 14. Rc3 Bf8
15. Rd1 h6 16. a3 Qxb6 17. Nxc6 Qxb2 18. Rc2 bxc6 19. Rxb2 Rxb2 20. Bd4 Rb5 21.
e4 e5 22. Ba7 Bb7 23. Bf1 Rb2 24. Qa5 Rb3 25. Bc5 Bxc5 26. Qxc5 d5 27. Qc2 Rb6
28. Qc5 Rb3 29. Qc2 Rb6 30. Qc5 1/2-1/2

[Event "Chess Olympiad 2012"]
[Site "Istanbul TUR"]
[Date "2012.08.29"]
[Round "2"]
[White "Grischuk, Alexander"]
[Black "Mastrovasilis, Dimitrios"]
[Result "1-0"]
[WhiteElo "2763"]
[BlackElo "2618"]
[PlyCount "114"]
[EventDate "2012.08.28"]
[WhiteTeam "Russia"]
[BlackTeam "Greece"]

1. e4 e5 2. Nf3 Nc6 3. Bb5 Nf6 4. O-O Nxe4 5. d4 Nd6 6. Bxc6 dxc6 7. dxe5 Nf5
8. Qxd8+ Kxd8 9. Nc3 Ke8 10. Rd1 Ne7 11. Nd4 Ng6 12. Ne4 Bd7 13. f4 c5 14. Ne2
Bc6 15. N2c3 Rd8 16. Be3 b6 17. Rxd8+ Kxd8 18. Rd1+ Kc8 19. Nd5 Be7 20. c4 Re8
21. Ng3 Bf8 22. Kf2 Bd7 23. h3 c6 24. Nc3 f5 25. exf6 gxf6 26. Nce4 Be7 27.
Nd6+ Bxd6 28. Rxd6 f5 29. Nh5 Re6 30. Rd3 Re7 31. Bd2 Be6 32. b3 b5 33. Rc3
bxc4 34. bxc4 Rd7 35. Be3 Rb7 36. a3 Nf8 37. Rc2 Rb3 38. Ng7 Bd7 39. Re2 Ng6
40. g3 Rxa3 41. Bxc5 Rc3 42. Bd6 c5 43. Rb2 Bc6 44. Nxf5 Rxc4 45. Ne3 Re4 46.
Bxc5 a5 47. Rc2 a4 48. Nc4 Nxf4 49. Nd6+ Kc7 50. Nxe4 Bxe4 51. Rc4 Nxh3+ 52.
Ke2 Bf5 53. Be3+ Kd6 54. Rxa4 h5 55. Kf3 Ke5 56. Rh4 Bg4+ 57. Rxg4 Kd5 1-0

[Event "Chess Olympiad 2012"]
[Site "Istanbul TUR"]
[Date "2012.08.29"]
[Round "2"]
[White "Banikas, Hristos"]
[Black "Karjakin, Sergey"]
[Result "1/2-1/2"]
[WhiteElo "2623"]
[BlackElo "2785"]
[PlyCount "30"]
[EventDate "2012.08.28"]
[WhiteTeam "Greece"]
[BlackTeam "Russia"]

1. d4 Nf6 2. c4 e6 3. Nf3 b6 4. g3 Ba6 5. b3 Bb4+ 6. Bd2 Be7 7. Bg2 c6 8. O-O
d5 9. Qc2 Nbd7 10. Rd1 O-O 11. Bf4 Rc8 12. Nc3 Nh5 13. Bc1 Nhf6 14. Bf4 Nh5 15.
Bc1 Nhf6 1/2-1/2

[Event "Chess Olympiad 2012"]
[Site "Istanbul TUR"]
[Date "2012.08.29"]
[Round "2"]
[White "Jakovenko, Dmitry"]
[Black "Kotronias, Vasilios"]
[Result "1-0"]
[WhiteElo "2722"]
[BlackElo "2589"]
[PlyCount "67"]
[EventDate "2012.08.28"]
[WhiteTeam "Russia"]
[BlackTeam "Greece"]

1. d4 Nf6 2. c4 g6 3. Nc3 Bg7 4. e4 d6 5. Nf3 O-O 6. h3 e5 7. d5 a5 8. g4 Na6
9. Be3 Kh8 10. Be2 Bd7 11. Nd2 Ng8 12. h4 f5 13. f3 fxg4 14. fxg4 Rf4 15. g5
Qe7 16. Bxf4 exf4 17. Bg4 Bxg4 18. Qxg4 Nb4 19. Ke2 Nc2 20. Rac1 Nd4+ 21. Kd3
Qf7 22. h5 Ne7 23. h6 Be5 24. Nb5 Nxb5 25. cxb5 Nxd5 26. exd5 Qxd5+ 27. Kc2
Qxa2 28. Kd1 Qf7 29. Qf3 d5 30. Re1 Bxb2 31. Rc2 Bd4 32. Qa3 Bb6 33. Re7 Qf8
34. Rcxc7 1-0

[Event "Chess Olympiad 2012"]
[Site "Istanbul TUR"]
[Date "2012.08.29"]
[Round "2"]
[White "Short, Nigel D"]
[Black "Fier, Alexandr"]
[Result "1-0"]
[WhiteElo "2698"]
[BlackElo "2582"]
[PlyCount "95"]
[EventDate "2012.08.28"]
[WhiteTeam "England"]
[BlackTeam "Brazil"]

1. e4 c5 2. Nc3 d6 3. f4 g6 4. Nf3 Bg7 5. Bb5+ Bd7 6. a4 a6 7. Bxd7+ Qxd7 8.
Nd5 Qc6 9. d3 Nd7 10. Qe2 e6 11. a5 O-O-O 12. Ne3 d5 13. O-O Nh6 14. e5 Nf5 15.
c4 d4 16. Nc2 f6 17. b4 fxe5 18. fxe5 Qc7 19. b5 Nxe5 20. bxa6 bxa6 21. Rb1 Nc6
22. Rb6 Kd7 23. Ng5 Rhe8 24. Rxa6 Rb8 25. Ne4 Nxa5 26. Na3 Nb3 27. Nb5 Nxc1 28.
Rxc1 Qe5 29. Ra7+ Kd8 30. Ng5 Nh6 31. Qxe5 Bxe5 32. Re1 Bf4 33. Nxe6+ Kc8 34.
Re4 Be3+ 35. Kf1 Rb6 36. Nxc5 Rxe4 37. Nxe4 Kd8 38. Rxh7 Ng4 39. h3 Nh2+ 40.
Ke2 g5 41. g4 Ra6 42. Ra7 Rh6 43. Nbd6 Re6 44. c5 Bf4 45. Kf2 Bxd6 46. cxd6
Nxg4+ 47. hxg4 Rxd6 48. Ra8+ 1-0

[Event "Chess Olympiad 2012"]
[Site "Istanbul TUR"]
[Date "2012.08.29"]
[Round "2"]
[White "Naiditsch, Arkadij"]
[Black "Mchedlishvili, Mikheil"]
[Result "1-0"]
[WhiteElo "2712"]
[BlackElo "2659"]
[PlyCount "71"]
[EventDate "2012.08.28"]
[WhiteTeam "Germany"]
[BlackTeam "Georgia"]

1. d4 Nf6 2. c4 e6 3. Nc3 Bb4 4. e3 c5 5. Nf3 Nc6 6. Bd3 Bxc3+ 7. bxc3 d6 8.
O-O e5 9. d5 Ne7 10. Qc2 O-O 11. Nd2 h6 12. f4 exf4 13. exf4 g6 14. h3 Nf5 15.
Nf3 h5 16. Bd2 Re8 17. Rfe1 Bd7 18. Nh2 Rxe1+ 19. Rxe1 Qf8 20. g4 hxg4 21. hxg4
Ng7 22. f5 gxf5 23. gxf5 Re8 24. Rf1 Qe7 25. Bg5 Qe5 26. Bf4 Qe7 27. Qg2 Nfh5
28. Bd2 Qh4 29. f6 Bh3 30. Qf2 Ng3 31. Re1 Rxe1+ 32. Qxe1 Bf5 33. Bxf5 N7xf5
34. Qe8+ Kh7 35. Qxf7+ Kh8 36. Qe8+ 1-0

[Event "Chess Olympiad 2012"]
[Site "Istanbul TUR"]
[Date "2012.08.29"]
[Round "2"]
[White "So, Wesley"]
[Black "Bologan, Viktor"]
[Result "1/2-1/2"]
[WhiteElo "2652"]
[BlackElo "2734"]
[PlyCount "147"]
[EventDate "2012.08.28"]
[WhiteTeam "Philippines"]
[BlackTeam "Moldova"]

1. e4 c5 2. Nf3 e6 3. d4 cxd4 4. Nxd4 a6 5. Bd3 Bc5 6. Nb3 Be7 7. f4 d6 8. Qf3
Nc6 9. Nc3 Nf6 10. O-O O-O 11. Bd2 Nb4 12. Qg3 Nd7 13. Rad1 Nxd3 14. cxd3 Bh4
15. Qh3 Bf6 16. g4 Nc5 17. g5 Bxc3 18. Bxc3 Na4 19. Qh4 Nxc3 20. bxc3 f6 21.
gxf6 Rxf6 22. Kh1 Bd7 23. Rf3 Rc8 24. Rh3 h6 25. Rg1 Kh7 26. Rhg3 Rf7 27. Qh5
Qf8 28. Nd4 Kh8 29. Ne2 d5 30. f5 e5 31. f6 gxf6 32. exd5 Rh7 33. d4 Qf7 34.
Qxf7 Rxf7 35. Re3 Bb5 36. dxe5 Bc4 37. Rg6 Bxd5+ 38. Kg1 Rg7 39. Nf4 Bxa2 40.
exf6 Rxg6+ 41. Nxg6+ Kh7 42. Ne5 Rf8 43. Rf3 Be6 44. c4 h5 45. Kf2 a5 46. Ke3
a4 47. Kd4 a3 48. Rxa3 Rxf6 49. Ra7 Bc8 50. c5 Kh6 51. Ra8 Bh3 52. Rb8 Rf4+ 53.
Ke3 Rf5 54. Ke4 Rf2 55. Rh8+ Kg5 56. Rg8+ Kh6 57. Ke3 Rc2 58. Rg3 Rc3+ 59. Kf4
Rxg3 60. Kxg3 Be6 61. Kf4 h4 62. Nf3 Kh5 63. Nd4 Bd5 64. Nf5 Bh1 65. Ne3 Bc6
66. Ng4 Bh1 67. Ne5 Bg2 68. Nd3 Bc6 69. Ne5 Bg2 70. Nf7 Bd5 71. Nd6 Bc6 72. Kf5
Bd7+ 73. Kf4 Bc6 74. Nc8 1/2-1/2

[Event "Chess Olympiad 2012"]
[Site "?"]
[Date "????.??.??"]
[Round "2"]
[White "Shirov, Alexei"]
[Black "Nyback, Tomi"]
[Result "1-0"]
[WhiteElo "2706"]
[BlackElo "2638"]
[PlyCount "75"]

1. e4 e5 2. Nf3 Nc6 3. Bb5 a6 4. Ba4 Nf6 5. O-O Be7 6. Re1 b5 7. Bb3 d6 8. c3
O-O 9. h3 Bb7 10. d4 Re8 11. Ng5 Rf8 12. Nf3 Re8 13. Nbd2 Bf8 14. d5 Nb8 15.
Nf1 Nbd7 16. N3h2 Nc5 17. Bc2 c6 18. b4 Ncd7 19. dxc6 Bxc6 20. Bg5 Qc7 21. Bxf6
Nxf6 22. Ng4 Nxg4 23. hxg4 g6 24. Ne3 Bh6 25. Bb3 Bxe3 26. Rxe3 Bd7 27. Rf3 Be6
28. Qd2 a5 29. bxa5 Rxa5 30. Rd1 Ra6 31. Qh6 Rc6 32. Rdd3 Bxb3 33. axb3 Qd7 34.
g5 Re6 35. Rf6 Qe8 36. Rh3 d5 37. Qxh7+ Kf8 38. Rhf3 1-0

[Event "Chess Olympiad 2012"]
[Site "?"]
[Date "????.??.??"]
[Round "2"]
[White "Topalov, Veselin"]
[Black "Amonatov, Farrukh"]
[Result "1/2-1/2"]
[WhiteElo "2752"]
[BlackElo "2610"]
[PlyCount "98"]

1. d4 d5 2. c4 c6 3. Nc3 Nf6 4. Nf3 dxc4 5. a4 Bf5 6. Ne5 Nbd7 7. Nxc4 Nb6 8.
e3 e6 9. Qb3 Nxc4 10. Bxc4 Qb6 11. f3 Qxb3 12. Bxb3 Bd3 13. e4 Be7 14. Be3 O-O
15. Kf2 a5 16. Rhd1 Ba6 17. Rac1 Rac8 18. d5 exd5 19. exd5 cxd5 20. Nxd5 Nxd5
21. Rxc8 Rxc8 22. Rxd5 Bb4 23. Rd7 Bc4 24. Bxc4 Rxc4 25. Rd8+ Bf8 26. Ke2 f6
27. Kd3 Rc6 28. g4 Rd6+ 29. Rxd6 Bxd6 30. h3 Kf7 31. Bd2 Be5 32. b3 Bc7 33. Kc4
Ke6 34. Bc3 Bd8 35. f4 g6 36. Kb5 f5 37. gxf5+ Kxf5 38. Bxa5 Bxa5 39. Kxa5 Kxf4
40. Kb6 g5 41. Kxb7 h5 42. a5 g4 43. hxg4 h4 44. a6 h3 45. a7 h2 46. a8=Q h1=Q+
47. Kb8 Qh8+ 48. Ka7 Qa1+ 49. Kb7 Qh1+ 1/2-1/2

[Event "Chess Olympiad 2012"]
[Site "?"]
[Date "????.??.??"]
[Round "2"]
[White "Gelfand, Boris"]
[Black "Dervishi, Erald"]
[Result "1-0"]
[WhiteElo "2738"]
[BlackElo "2538"]
[PlyCount "89"]

1. d4 Nf6 2. c4 e6 3. Nc3 d5 4. cxd5 exd5 5. Bg5 Be7 6. e3 O-O 7. Bd3 Nbd7 8.
Nge2 Re8 9. O-O Nf8 10. b4 Ng6 11. b5 Qd6 12. Nf4 Ng4 13. Bxe7 Nxe7 14. Be2 Nf6
15. Qb3 Bf5 16. Rfc1 Rad8 17. a4 g5 18. Nh5 Nxh5 19. Bxh5 g4 20. Qd1 Qd7 21.
Ne2 Bg6 22. Nf4 f5 23. Rc3 Bxh5 24. Nxh5 Rf8 25. Rac1 c6 26. bxc6 bxc6 27. Nf4
Rf6 28. Qc2 Qe8 29. Rb1 Rb8 30. Rcb3 Rxb3 31. Rxb3 Ng6 32. Nh5 Rf8 33. g3 Ne7
34. Rb7 Qxh5 35. Rxe7 Rf7 36. Re8+ Rf8 37. Rxf8+ Kxf8 38. Qc5+ Kg8 39. Qxa7 Qe8
40. a5 Qe4 41. Qb8+ Kf7 42. Qb7+ Kf6 43. Qxc6+ Kg5 44. Qb5 f4 45. gxf4+ 1-0